000 00230nam a22001097a 4500
040 _cHS
082 _a591
100 _aTRACY I. STORER
245 _aElements of Zoology
260 _aCalifornia
_bTRACY I. STORER
_c1995
942 _cEK
999 _c8442
_d8442